Statistics for Flag for lande, der starter med M

Click here to take the quiz!

General Stats

  • This quiz has been taken 2 times
  • The average score is 9 of 18

Answer Stats

Answer% Correct
Malaysia
100%
Malta
100%
Moldova
100%
Montenegro
100%
Madagaskar
50%
Malawi
50%
Maldiverne
50%
Mali
50%
Marokko
50%
Mexiko
50%
Monaco
50%
Mongoliet
50%
Mozambique
50%
Myanmar
50%
Marshalløerne
0%
Mauretanien
0%
Mauritius
0%
Mikronesien
0%

Score Distribution

Percentile by Number Answered

Percent of People with Each Score

Your Score History

You have not taken this quiz